| Tag |
First Indicator |
Second Indicator |
Subfields |
| LEADER |
00000cas a2200000 a 4500 |
| 001 |
in00004154321 |
| 005 |
20201020070736.0 |
| 008 |
810522d18561901cauar 0 a0eng c |
| 010 |
|
|
|a ca 07006757
|z sn 84002764
|
| 015 |
|
|
|a 012562920
|2 dnb
|
| 016 |
7 |
|
|a 012562920
|2 DE-101
|
| 016 |
7 |
|
|a 445428-5
|2 DE-600
|
| 016 |
7 |
|
|a 0017570
|2 DNLM
|
| 016 |
7 |
|
|a SR0002074
|2 DNLM
|
| 019 |
|
|
|a 8136411
|a 50367620
|
| 022 |
0 |
|
|a 0743-3212
|l 0743-3212
|2 1
|
| 029 |
1 |
|
|a AU@
|b 000003236725
|
| 029 |
1 |
|
|a GBVCP
|b 167309900
|
| 029 |
1 |
|
|a NLM
|b 0017570
|
| 029 |
1 |
|
|a ZWZ
|b 037651471
|
| 035 |
|
|
|a (OCoLC)ocm07442129
|
| 035 |
|
|
|a (OCoLC)7442129
|z (OCoLC)8136411
|z (OCoLC)50367620
|
| 040 |
|
|
|a CLU
|b eng
|c CLU
|d NSD
|d DLC
|d OCL
|d DLC
|d NSD
|d OCL
|d NSD
|d DLC
|d OCLCQ
|d NLM
|d AMAZN
|d OCLCQ
|d GBVCP
|d MXC
|d OCLCO
|d OCLCF
|d OCLCQ
|d UtOrBLW
|
| 042 |
|
|
|a nsdp
|a pcc
|
| 043 |
|
|
|a n-us-ca
|
| 049 |
|
|
|a TXAM
|
| 050 |
0 |
0 |
|a R15
|b .C2
|
| 060 |
0 |
0 |
|a W1
|b ME488
|
| 060 |
0 |
0 |
|a Film S10184
|
| 110 |
2 |
|
|a Medical Society of the State of California.
|0 http://id.loc.gov/authorities/names/n84004401
|
| 210 |
0 |
|
|a Trans. sess. Med. Soc. State Calif.
|
| 222 |
|
0 |
|a Transactions of the session of the Medical Society of the State of California
|
| 245 |
1 |
0 |
|a Transactions of the session of the Medical Society of the State of California.
|
| 246 |
1 |
3 |
|a Transactions of the Medical Society of the State of California during the years ...
|
| 264 |
|
1 |
|a [California] :
|b [Medical Society of the State of California],
|c -[1901]
|
| 264 |
|
3 |
|a San Francisco :
|b James Anthony & Co., Printers
|
| 300 |
|
|
|a 35 volumes :
|b illustrations, portraits ;
|c 24 cm
|
| 310 |
|
|
|a Annual
|
| 336 |
|
|
|a text
|b txt
|2 rdacontent
|
| 337 |
|
|
|a unmediated
|b n
|2 rdamedia
|
| 338 |
|
|
|a volume
|b nc
|2 rdacarrier
|
| 362 |
0 |
|
|a v. 1 (1856)-3rd (February 1858) ; 1870/1871-31st annual session (April 1901).
|
| 500 |
|
|
|a Printer varies.
|
| 530 |
|
|
|a Also issued online.
|
| 588 |
|
|
|a Description based on: 3rd (February 1858); title from pdf of title page (Hathitrust, viewed July 24, 2020).
|
| 588 |
|
|
|a Latest issue consulted: 31st annual session (April 1901) (Hathitrust, viewed July 24, 2020).
|
| 610 |
2 |
0 |
|a Medical Society of the State of California.
|0 http://id.loc.gov/authorities/names/n84004401
|
| 650 |
|
0 |
|a Medicine
|x Societies, etc.
|0 http://id.loc.gov/authorities/subjects/sh85083102
|
| 650 |
|
0 |
|a Medicine
|z California.
|
| 650 |
|
2 |
|a Societies, Medical.
|0 https://id.nlm.nih.gov/mesh/D012955
|
| 651 |
|
2 |
|a California.
|0 https://id.nlm.nih.gov/mesh/D002140
|
| 655 |
|
2 |
|a Congress.
|0 https://id.nlm.nih.gov/mesh/D016423
|
| 650 |
|
7 |
|a Medicine.
|2 fast
|0 (OCoLC)fst01014893
|
| 650 |
|
7 |
|a Medicine
|x Societies, etc.
|2 fast
|0 (OCoLC)fst01015103
|
| 651 |
|
7 |
|a California.
|2 fast
|0 (OCoLC)fst01204928
|
| 776 |
0 |
8 |
|i Online version:
|a California Medical Association.
|t Transactions of the session of the Medical Society of the State of California
|w (OCoLC)565889330
|
| 785 |
0 |
0 |
|t California State journal of medicine
|x 0093-402X
|w (DLC)sf 98085164
|w (OCoLC)1644039
|
| 936 |
|
|
|a INC
|
| 938 |
|
|
|a AMAZON
|b AMZN
|n B002YGS36G
|
| 994 |
|
|
|a C0
|b TXA
|
| 948 |
|
|
|a cataloged
|b h
|c 2020/7/24
|d c
|e coplinger
|f 11:06:12 am
|
| 999 |
f |
f |
|s 88044832-7de3-31c5-afda-b3c1c80983aa
|i 08d4a376-b01c-3ee6-ac4c-ece63b402f3e
|t 0
|
| 952 |
f |
f |
|p ric
|a Texas A&M University
|b Rellis Campus
|c Joint Library Facility
|d Remote Storage
|t 0
|e R15 .C2
|h Library of Congress classification
|i unmediated -- volume
|k 4th
|l 1873/1874
|m A14851534355
|
| 952 |
f |
f |
|p ric
|a Texas A&M University
|b Rellis Campus
|c Joint Library Facility
|d Remote Storage
|t 0
|e R15 .C2
|h Library of Congress classification
|i unmediated -- volume
|k 23rd
|l 1893
|m A14851534942
|
| 952 |
f |
f |
|p ric
|a Texas A&M University
|b Rellis Campus
|c Joint Library Facility
|d Remote Storage
|t 0
|e R15 .C2
|h Library of Congress classification
|i unmediated -- volume
|k 21st
|l 1891
|m A14851534546
|
| 952 |
f |
f |
|p ric
|a Texas A&M University
|b Rellis Campus
|c Joint Library Facility
|d Remote Storage
|t 0
|e R15 .C2
|h Library of Congress classification
|i unmediated -- volume
|k 19th
|l 1889
|m A14851534082
|
| 952 |
f |
f |
|p ric
|a Texas A&M University
|b Rellis Campus
|c Joint Library Facility
|d Remote Storage
|t 0
|e R15 .C2
|h Library of Congress classification
|i unmediated -- volume
|k 27th
|l 1897
|m A14851534819
|
| 952 |
f |
f |
|p ric
|a Texas A&M University
|b Rellis Campus
|c Joint Library Facility
|d Remote Storage
|t 0
|e R15 .C2
|h Library of Congress classification
|i unmediated -- volume
|k 5th
|l 1874/1875
|m A14851534215
|
| 952 |
f |
f |
|p ric
|a Texas A&M University
|b Rellis Campus
|c Joint Library Facility
|d Remote Storage
|t 0
|e R15 .C2
|h Library of Congress classification
|i unmediated -- volume
|k 22nd
|l 1892
|m A14851534413
|
| 998 |
f |
f |
|a R15 .C2
|s 27th (1897)
|t 0
|l Remote Storage
|